<?xml version="1.0" encoding="UTF-8"?>
<marc:record xmlns:marc="http://www.loc.gov/MARC21/slim">
   <marc:leader>00000nam a2200000 a 4500</marc:leader>
   <marc:datafield ind1="1" ind2=" " tag="100">
      <marc:subfield code="a">Kreutzer, Mary</marc:subfield>
      <marc:subfield code="4">aut</marc:subfield>
      <marc:subfield code="e">Verfasser/-in</marc:subfield>
   </marc:datafield>
   <marc:datafield ind1="1" ind2=" " tag="100">
      <marc:subfield code="a">Milborn, Corinna</marc:subfield>
      <marc:subfield code="4">aut</marc:subfield>
      <marc:subfield code="e">Verfasser/-in</marc:subfield>
   </marc:datafield>
   <marc:datafield ind1=" " ind2=" " tag="653">
      <marc:subfield code="a">Menschenhandel</marc:subfield>
   </marc:datafield>
   <marc:datafield ind1=" " ind2=" " tag="653">
      <marc:subfield code="a">Prostitution</marc:subfield>
   </marc:datafield>
   <marc:datafield ind1=" " ind2=" " tag="653">
      <marc:subfield code="a">Sklaverei</marc:subfield>
   </marc:datafield>
   <marc:datafield ind1="0" ind2="0" tag="245">
      <marc:subfield code="a">Ware Frau</marc:subfield>
   </marc:datafield>
   <marc:datafield ind1="0" ind2="0" tag="245">
      <marc:subfield code="b">auf den Spuren moderner Sklaverei von Afrika nach Europa</marc:subfield>
   </marc:datafield>
   <marc:datafield ind1="0" ind2="0" tag="245">
      <marc:subfield code="c">Kreutzer, Mary</marc:subfield>
   </marc:datafield>
   <marc:datafield ind1=" " ind2="1" tag="264">
      <marc:subfield code="a">Salzburg</marc:subfield>
      <marc:subfield code="b">Ecowin</marc:subfield>
      <marc:subfield code="c">2008</marc:subfield>
   </marc:datafield>
   <marc:datafield ind1="1" ind2=" " tag="520">
      <marc:subfield code="a">Quelle: bn.bibliotheksnachrichten (http://www.biblio.at/literatur/bn/index.html); &#xD;
Autor: Sabine Eidenberger; &#xD;
Tatsachenbericht über Zwangsprostitution und Menschenhandel. (GS)&#xD;
&#xD;
Dass viele Frauen aus der sogenannten Dritten Welt im Norden als Zwangsprostituierte arbeiten, ist mittlerweile kein Geheimnis mehr. Die Autorinnen Mary Kreutzer und Corinna Milborn haben für ihr Buch unter schwierigen Bedingungen im Milieu recherchiert. Sie haben mit betroffenen Frauen, Schleppern, Menschenhändlern und Freiern gesprochen und daraus ein oftmals schockierendes Buch zusammengestellt. Neben den unwürdigen Verhältnissen, unter denen diese Frauen unter falschen Versprechungen nach Europa kommen und hier einer illegalen Tätigkeit nachgehen müssen, um die Schlepper zu bezahlen, prangern die Autorinnen auch die Vorgehensweise der europäischen Regierungen an. Denn statt Hilfe zu bekommen, werden die Frauen wie Verbrecherinnen behandelt, die eigentlichen Organisatoren des Menschenhandels werden kaum zur Rechenschaft gezogen.&#xD;
Der Ausgabe liegt eine Kurzfilm-DVD mit Ausschnitten der WDR-Dokumentation "Meine Hölle Europa" bei. Ein hochaktuelles Buch, das sicher für alle Bestände interessant ist.</marc:subfield>
   </marc:datafield>
   <marc:datafield ind1=" " ind2=" " tag="020">
      <marc:subfield code="a">9783902404572</marc:subfield>
      <marc:subfield code="9">9783902404572</marc:subfield>
   </marc:datafield>
   <marc:datafield ind1=" " ind2=" " tag="020">
      <marc:subfield code="a">3902404574</marc:subfield>
      <marc:subfield code="9">3902404574</marc:subfield>
   </marc:datafield>
   <marc:datafield ind1=" " ind2=" " tag="041">
      <marc:subfield code="a">ger</marc:subfield>
   </marc:datafield>
   <marc:datafield ind1=" " ind2=" " tag="338">
      <marc:subfield code="a">Band</marc:subfield>
   </marc:datafield>
   <marc:datafield ind1=" " ind2=" " tag="300">
      <marc:subfield code="a">234 S.</marc:subfield>
   </marc:datafield>
</marc:record>
